| 000 | 00582cam a2200181 i 4500 | ||
|---|---|---|---|
| 999 |
_c57797 _d57797 |
||
| 001 | 393522 | ||
| 005 | 20221108143143.0 | ||
| 008 | 800612s2018 nyua b 001 0 eng | ||
| 020 | _a9780486638348x | ||
| 080 | _a537.8 R-66 | ||
| 100 | 1 |
_aRojansky, Vladimir Borisovich _d _99859 |
|
| 245 | 1 | 0 |
_aElectromagnetic fields and waves / _cby Vladimir Rojansky. |
| 264 |
_aNew York : _bDover Publications, _c2018. |
||
| 300 |
_a464 p. : _bill. ; _c21 cm. |
||
| 653 | _aფიზიკა | ||
| 653 | _aელექტრომაგნიტური ველები | ||
| 942 |
_2udc _cBK |
||